Scriptures of the world's religions

The fourth edition of Scriptures of the World's Religions brings together many of the world's most influential sacred texts. This text includes chapters on the twelve major religious traditions today, plus two chapters on indigenous religious practices. With comprehensive introductions in...

Cur síos iomlán

Đã lưu trong:
Sonraí Bibleagrafaíochta
Formáid: Leabhar
Teanga:Undetermined
Foilsithe: New York McGraw-Hill Higher Education 2012
Ábhair:
Clibeanna: Cuir Clib Leis
Gan Chlibeanna, Bí ar an gcéad duine leis an taifead seo a chlibeáil!
Thư viện lưu trữ: Trung tâm Học liệu Trường Đại học Cần Thơ
LEADER 01146nam a2200205Ia 4500
001 CTU_206689
008 210402s9999 xx 000 0 und d
020 |c 130.37 
082 |a 208.2 
082 |b S434 
245 0 |a Scriptures of the world's religions 
245 0 |c Edited by James Fieser, John Powers 
260 |a New York 
260 |b McGraw-Hill Higher Education 
260 |c 2012 
520 |a The fourth edition of Scriptures of the World's Religions brings together many of the world's most influential sacred texts. This text includes chapters on the twelve major religious traditions today, plus two chapters on indigenous religious practices. With comprehensive introductions in each chapter, the selected writings emphasize each religion's founders, central doctrines, and historical development. The translated texts in this collection, many of which were translated specifically for this book, are stylistically clear and up-to-date. 
650 |a Sacred books,Sách Thánh 
650 |x History and criticism,Lịch sử và phê bình 
904 |i Hải 
980 |a Trung tâm Học liệu Trường Đại học Cần Thơ